[Event "Olomouc 2005, GM A - Valoz Cup"]
[Site "?"]
[Date "2005.??.??"]
[Round "1.2"]
[White "Popchev, Milko"]
[Black "Thinius, Marco"]
[Result "1-0"]
[WhiteElo "2476"]
[BlackElo "2354"]
[PlyCount "91"]
[EventDate "2005.08.03"]

1. Nc3 e5 2. e4 Nf6 3. g3 c6 4. d4 Bb4 5. Bg2 d5 6. exd5 Nxd5 7. dxe5 Qa5 8.
Nf3 Nxc3 9. bxc3 Bxc3+ 10. Bd2 O-O 11. O-O Nd7 12. Re1 Re8 13. Re3 Bxd2 14.
Nxd2 Nb6 15. Nb3 Qb4 16. a3 Qe7 17. Na5 Be6 18. Qd6 Rad8 19. Qxe7 Rxe7 20. Rd3
Rxd3 21. cxd3 Rd7 22. f4 Kf8 23. Be4 g6 24. Kf2 Ke7 25. Rb1 Kd8 26. Ke3 Kc7 27.
Rc1 Bd5 28. Rc2 Bxe4 29. Kxe4 Rd5 30. Nc4 Nxc4 31. dxc4 Rd1 32. Rf2 c5 33. f5
Rd4+ 34. Ke3 gxf5 35. Rxf5 Rxc4 36. Rxf7+ Kc6 37. Rxh7 a5 38. e6 b5 39. Ra7 Kd5
40. e7 Re4+ 41. Kf3 a4 42. h4 Re6 43. h5 c4 44. h6 c3 45. h7 c2 46. Rd7+ 1-0

[Event "Olomouc 2005, GM A - Valoz Cup"]
[Site "?"]
[Date "2005.??.??"]
[Round "1.4"]
[White "Simacek, Pavel"]
[Black "Laznicka, Viktor"]
[Result "0-1"]
[WhiteElo "2453"]
[BlackElo "2517"]
[PlyCount "98"]
[EventDate "2005.08.03"]

1. e4 c5 2. Nf3 Nc6 3. d4 cxd4 4. Nxd4 e6 5. Nb5 d6 6. c4 a6 7. N5c3 Nf6 8. Be2
Be7 9. O-O b6 10. Be3 O-O 11. f3 Qc7 12. Na3 Ne5 13. Rc1 Bb7 14. Qe1 Rab8 15.
Qf2 Ba8 16. Rfd1 Nfd7 17. f4 Ng6 18. g3 Rfd8 19. Bf3 Bf6 20. Rc2 Nc5 21. b4 Nd7
22. Na4 Be7 23. b5 Qa7 24. Rd3 d5 25. exd5 axb5 26. d6 Nde5 27. fxe5 Nxe5 28.
Bxb6 Qxa4 29. Bxd8 Bxd8 30. Bh5 g6 31. Re3 Nxc4 32. Nxc4 bxc4 33. Rb2 Rxb2 34.
Qxb2 Qa7 35. Qa3 Bb6 36. Qxa7 Bxa7 37. Kf2 gxh5 38. d7 Bb6 39. Ke1 Bc6 40. Re5
Bxd7 41. Rxh5 f5 42. Rh4 c3 43. Rc4 e5 44. Kd1 Bd4 45. a4 Be6 46. Rb4 Bd5 47.
a5 Be4 48. Rc4 c2+ 49. Kd2 Bb2 0-1

[Event "Olomouc 2005, GM A - Valoz Cup"]
[Site "?"]
[Date "2005.??.??"]
[Round "2.1"]
[White "Stopa, Jacek"]
[Black "Cernousek, Lukas"]
[Result "0-1"]
[WhiteElo "2460"]
[BlackElo "2375"]
[PlyCount "134"]
[EventDate "2005.08.03"]

1. e4 c5 2. Nf3 d6 3. d4 Nf6 4. Nc3 cxd4 5. Nxd4 g6 6. Be3 Bg7 7. f3 Nc6 8. Qd2
O-O 9. g4 Be6 10. Nxe6 fxe6 11. O-O-O Ne5 12. Be2 Qc7 13. h4 Nfd7 14. f4 Nc4
15. Bxc4 Qxc4 16. e5 Rad8 17. h5 dxe5 18. hxg6 hxg6 19. Qh2 Nf6 20. Rdf1 exf4
21. Rxf4 Qc6 22. Bd4 g5 23. Re4 Kf7 24. Rf1 Qc4 25. Qg1 Qc6 26. Qe3 Rh8 27. Kb1
Ke8 28. Rxe6 Rh1 29. Re1 Rd6 30. Rxe7+ Kf8 31. Qf2 Kg8 32. Rxh1 Qxh1+ 33. Re1
Qh4 34. Bxa7 Qxf2 35. Bxf2 Nxg4 36. Ne4 Rg6 37. Bg3 Ne5 38. b3 g4 39. Nf2 Nf3
40. Re8+ Kh7 41. Kc1 Nd4 42. Kd1 Nf5 43. Ne4 Rc6 44. Bf4 Kg6 45. Rd8 Nd4 46.
Be3 Nxc2 47. Bc5 Kf5 48. Nd6+ Kf4 49. Nxb7 Ne3+ 50. Kd2 Nf5 51. Bg1 Kf3 52. Rd5
Kg2 53. Bc5 Nh4 54. a4 g3 55. Nd8 Nf3+ 56. Kd3 Rf6 57. a5 Kf1 58. b4 g2 59. b5
Rf4 60. b6 Bd4 61. Bxd4 Rxd4+ 62. Rxd4 g1=Q 63. Rf4 Kf2 64. Rxf3+ Kxf3 65. b7
Qd1+ 66. Kc4 Qxd8 67. Kb5 Qc7 0-1

[Event "Olomouc 2005, GM A - Valoz Cup"]
[Site "?"]
[Date "2005.??.??"]
[Round "2.2"]
[White "Neuman, Petr"]
[Black "Shanava, Konstantine"]
[Result "0-1"]
[WhiteElo "2428"]
[BlackElo "2477"]
[PlyCount "68"]
[EventDate "2005.08.03"]

1. d4 Nf6 2. c4 e6 3. Nc3 Bb4 4. Qc2 c5 5. dxc5 Na6 6. a3 Bxc3+ 7. Qxc3 Nxc5 8.
b4 Nce4 9. Qb2 Nd6 10. e3 b6 11. f3 Ba6 12. b5 Bb7 13. e4 Nfxe4 14. Bf4 Qh4+
15. g3 Qf6 16. Be5 Qg6 17. Bd3 f5 18. fxe4 fxe4 19. Be2 Nf5 20. O-O-O Rc8 21.
Nh3 Ne3 22. Qd4 Nxd1 23. Nf4 Qg5 24. Bxg7 Nf2 25. Bf6 Qxb5 26. Qd6 Rxc4+ 27.
Bxc4 Qxc4+ 28. Kb2 Qb5+ 29. Ka1 Qc5 30. Qxc5 bxc5 31. Rb1 Rf8 32. Bg7 Rxf4 33.
gxf4 Ba6 34. Re1 d5 0-1

[Event "Olomouc 2005, GM A - Valoz Cup"]
[Site "?"]
[Date "2005.??.??"]
[Round "2.3"]
[White "Laznicka, Viktor"]
[Black "El Taher, Fouad"]
[Result "1/2-1/2"]
[WhiteElo "2517"]
[BlackElo "2456"]
[PlyCount "40"]
[EventDate "2005.08.03"]

1. e4 e5 2. Nf3 Nc6 3. Bb5 a6 4. Ba4 Nf6 5. O-O b5 6. Bb3 d6 7. c3 Be7 8. h3
O-O 9. d4 h6 10. Nbd2 Re8 11. Bc2 Bf8 12. d5 Ne7 13. b3 c5 14. a4 Bd7 15. Re1
Ng6 16. Nf1 Qb6 17. Be3 Reb8 18. N3d2 Ne8 19. Qe2 Be7 20. Kh2 Bg5 1/2-1/2

[Event "Olomouc 2005, GM A - Valoz Cup"]
[Site "?"]
[Date "2005.??.??"]
[Round "2.5"]
[White "Thinius, Marco"]
[Black "Potapov, Alexander"]
[Result "1/2-1/2"]
[WhiteElo "2354"]
[BlackElo "2530"]
[PlyCount "153"]
[EventDate "2005.08.03"]

1. e4 e5 2. Nf3 Nc6 3. Bb5 a6 4. Bxc6 dxc6 5. O-O f6 6. d4 exd4 7. Nxd4 c5 8.
Nb3 Qxd1 9. Rxd1 Bd6 10. Na5 b6 11. Nc4 Be7 12. Bf4 Be6 13. Ne3 Rc8 14. h4 h5
15. Nc3 Bd8 16. Bg3 Ne7 17. Ncd5 Nxd5 18. Nxd5 c6 19. Ne3 g6 20. a3 Kf7 21. Rd2
c4 22. Rad1 b5 23. c3 Bb6 24. Bf4 a5 25. Kf1 Rhd8 26. Ke2 Rxd2+ 27. Rxd2 Bd8
28. Bd6 Bb6 29. f3 Re8 30. Bg3 Bc5 31. Bd6 Ba7 32. g3 Bc8 33. Bc7 a4 34. Rd8
Rxd8 35. Bxd8 Bb8 36. f4 Bb7 37. Nf1 Ba7 38. Nd2 Bc8 39. Bc7 Bg4+ 40. Ke1 Be3
41. Bd6 Ke6 42. Bf8 Kd7 43. Bb4 g5 44. fxg5 fxg5 45. hxg5 Bxg5 46. Bc5 Ke6 47.
Bf8 h4 48. gxh4 Bxh4+ 49. Kf1 Ke5 50. Bg7+ Kf4 51. Bh6+ Bg5 52. Bxg5+ Kxg5 53.
Kf2 Kf4 54. e5 c5 55. Nf1 Ke4 56. e6 Bxe6 57. Ke2 Bg4+ 58. Kd2 Kf3 59. Ne3 Be6
60. Nc2 Bf5 61. Ne3 Be4 62. Nf1 Kf4 63. Ne3 Ke5 64. Ng4+ Kd6 65. Ne3 Kc6 66.
Ng4 Kb6 67. Ke3 Bf5 68. Nf2 b4 69. Kf4 Bh7 70. Ke5 Kc6 71. Ng4 Bg8 72. Nf6 Bf7
73. Ne4 Bg8 74. Nd6 bxa3 75. bxa3 Bd5 76. Nf5 Bf7 77. Nd6 1/2-1/2

[Event "Olomouc 2005, GM A - Valoz Cup"]
[Site "?"]
[Date "2005.??.??"]
[Round "2.6"]
[White "Sundararajan, Kidambi"]
[Black "Popchev, Milko"]
[Result "1-0"]
[WhiteElo "2484"]
[BlackElo "2476"]
[PlyCount "55"]
[EventDate "2005.08.03"]

1. d4 g6 2. c4 Bg7 3. e4 d6 4. Nc3 Nd7 5. Nf3 e5 6. Be2 Ne7 7. h4 h6 8. Be3
exd4 9. Nxd4 Nf6 10. Qd2 Ng4 11. Bxg4 Bxg4 12. f3 Bd7 13. O-O-O Qc8 14. g4 h5
15. gxh5 Rxh5 16. Nde2 Be6 17. Nf4 Rh7 18. h5 g5 19. Nfd5 Bxd5 20. cxd5 Qd7 21.
Bxg5 O-O-O 22. h6 Bh8 23. Kb1 Kb8 24. Rc1 Rc8 25. Be3 c5 26. dxc6 Nxc6 27. Nb5
Rd8 28. Rhd1 1-0

[Event "Olomouc 2005, GM A - Valoz Cup"]
[Site "?"]
[Date "2005.??.??"]
[Round "3.1"]
[White "Popchev, Milko"]
[Black "Stopa, Jacek"]
[Result "0-1"]
[WhiteElo "2476"]
[BlackElo "2460"]
[PlyCount "60"]
[EventDate "2005.08.03"]

1. Nf3 e6 2. g3 d5 3. Bg2 Nf6 4. O-O Be7 5. d3 b6 6. Nbd2 Bb7 7. e4 c5 8. e5
Nfd7 9. Re1 g5 10. Nf1 Nc6 11. h3 h5 12. g4 hxg4 13. hxg4 Qc7 14. Qe2 O-O-O 15.
c3 d4 16. Bd2 dxc3 17. bxc3 Kb8 18. d4 cxd4 19. cxd4 Nf8 20. Rac1 Qd7 21. Be3
Ng6 22. Red1 Nb4 23. Ng3 Nd5 24. Ne4 Ndf4 25. Bxf4 Nxf4 26. Qe3 Qd5 27. Nc3
Nh3+ 28. Kf1 Ba6+ 29. Ke1 Qa5 30. Bf1 Nf4 0-1

[Event "Olomouc 2005, GM A - Valoz Cup"]
[Site "?"]
[Date "2005.??.??"]
[Round "3.2"]
[White "Potapov, Alexander"]
[Black "Sundararajan, Kidambi"]
[Result "1-0"]
[WhiteElo "2530"]
[BlackElo "2484"]
[PlyCount "89"]
[EventDate "2005.08.03"]

1. d4 Nf6 2. c4 e6 3. Nc3 Bb4 4. g3 c5 5. Nf3 cxd4 6. Nxd4 Ne4 7. Qd3 Bxc3+ 8.
bxc3 Nc5 9. Qe3 b6 10. Bg2 Bb7 11. Bxb7 Nxb7 12. Qf3 Nc6 13. Nxc6 dxc6 14.
Qxc6+ Qd7 15. Qxd7+ Kxd7 16. Ba3 Rhc8 17. O-O-O+ Ke8 18. Rd4 Rc7 19. Rhd1 Rac8
20. Kc2 f6 21. Rg4 e5 22. Rd3 Kf7 23. f4 e4 24. Rd4 Na5 25. c5 b5 26. f5 Nc4
27. Bc1 Ne5 28. Rgxe4 Rxc5 29. Bd2 a5 30. Kd1 R8c7 31. g4 h5 32. h3 hxg4 33.
hxg4 g6 34. Rd8 Rc8 35. Rd6 R5c6 36. Rxc6 Rxc6 37. Rd4 Rc4 38. fxg6+ Kxg6 39.
Rxc4 bxc4 40. Bf4 Nxg4 41. a4 Ne5 42. Bxe5 fxe5 43. Kd2 Kg5 44. Ke3 Kf5 45. Kf3
1-0

[Event "Olomouc 2005, GM A - Valoz Cup"]
[Site "?"]
[Date "2005.??.??"]
[Round "3.3"]
[White "Simacek, Pavel"]
[Black "Thinius, Marco"]
[Result "1-0"]
[WhiteElo "2453"]
[BlackElo "2354"]
[PlyCount "67"]
[EventDate "2005.08.03"]

1. e4 e5 2. Nf3 Nc6 3. d4 exd4 4. Nxd4 Bc5 5. Nb3 Bb6 6. Nc3 Nf6 7. Bg5 h6 8.
Bh4 d6 9. Bd3 Be6 10. Qe2 Qe7 11. O-O-O g5 12. Bg3 O-O-O 13. Rhe1 Ne5 14. Na4
h5 15. Nxb6+ axb6 16. h4 Nfg4 17. Rh1 Ng6 18. f3 gxh4 19. Be1 N4e5 20. Qe3 Qf6
21. Nd4 Rdg8 22. Bf1 Nf4 23. Qa3 Kb8 24. Nb5 Nc6 25. Nxc7 Qg5 26. Bxh4 Qc5 27.
Qxc5 dxc5 28. Nxe6 fxe6 29. g3 Ng6 30. Bf6 Rh7 31. f4 Nf8 32. Bg5 Kc7 33. e5
Rgg7 34. Be2 1-0

[Event "Olomouc 2005, GM A - Valoz Cup"]
[Site "?"]
[Date "2005.??.??"]
[Round "3.6"]
[White "Cernousek, Lukas"]
[Black "Neuman, Petr"]
[Result "1/2-1/2"]
[WhiteElo "2375"]
[BlackElo "2428"]
[PlyCount "129"]
[EventDate "2005.08.03"]

1. e4 c5 2. Nf3 d6 3. d4 cxd4 4. Nxd4 Nf6 5. Nc3 Nc6 6. Bc4 Bd7 7. Bb3 g6 8.
Be3 Ng4 9. Nxc6 bxc6 10. Qf3 Ne5 11. Qg3 Bg7 12. f4 Ng4 13. Bd2 O-O 14. h3 Nf6
15. e5 dxe5 16. fxe5 Qc7 17. Qe3 Nd5 18. Nxd5 cxd5 19. Bxd5 Bh6 20. Qc3 Bxd2+
21. Kxd2 Qxc3+ 22. Kxc3 Rac8+ 23. Kd2 Rfd8 24. Ke3 Rxc2 25. Rhd1 Kf8 26. Bb3
Rcc8 27. Rac1 Rxc1 28. Rxc1 a5 29. Rc7 a4 30. Bc2 Ke8 31. Ra7 Rb8 32. Be4 Kd8
33. Ra8 Rxa8 34. Bxa8 Be6 35. a3 Kc7 36. Kd4 Kb6 37. Be4 f6 38. Bc2 Kb5 39. h4
Bd7 40. Bd3+ Kb6 41. exf6 exf6 42. Kd5 g5 43. Kd6 Bc6 44. g3 gxh4 45. gxh4 h6
46. Ke6 Kc5 47. Kxf6 Kd4 48. Bc2 Ke3 49. b4 Kd2 50. Bf5 Kc3 51. Bc8 Bb5 52. Ke5
Kb3 53. Kd4 Kxa3 54. Kc5 Be2 55. Bd7 Kb3 56. Be8 a3 57. b5 a2 58. Bf7+ Kb2 59.
Bxa2 Kxa2 60. b6 Bf3 61. Kd4 Kb3 62. Ke3 Bc6 63. Kf4 Kc4 64. Kf5 Kc5 65. Kg6
1/2-1/2

[Event "Olomouc 2005, GM A - Valoz Cup"]
[Site "?"]
[Date "2005.??.??"]
[Round "4.2"]
[White "Laznicka, Viktor"]
[Black "Cernousek, Lukas"]
[Result "1-0"]
[WhiteElo "2517"]
[BlackElo "2375"]
[PlyCount "115"]
[EventDate "2005.08.03"]

1. c4 Nf6 2. Nf3 c6 3. e3 d5 4. Qc2 e6 5. b3 Nbd7 6. Bb2 Bd6 7. Nc3 e5 8. cxd5
Nxd5 9. Ne4 Bc7 10. Be2 Qe7 11. Ng3 O-O 12. O-O Re8 13. a3 a5 14. Rfe1 Nf8 15.
d3 Ng6 16. Bf1 Bg4 17. Nd2 Rad8 18. Rac1 h5 19. Be2 Bxe2 20. Nxe2 Nf6 21. Nf3
h4 22. h3 Nh7 23. Red1 Ng5 24. Nxg5 Qxg5 25. Qc4 Ne7 26. Kf1 Rd6 27. Qg4 Qf6
28. Ng1 Ng6 29. Nf3 Qd8 30. Ke2 Qe7 31. Rc4 Bd8 32. Re4 Re6 33. d4 Qf8 34. Nxe5
f5 35. Qh5 fxe4 36. Nxg6 Qf6 37. Qh8+ Kf7 38. Ne5+ Ke7 39. Qh7 Rf8 40. Rf1 Ke8
41. Qxe4 Qf5 42. Qxf5 Rxf5 43. e4 Rf4 44. f3 g5 45. Rd1 Rf8 46. Ke3 Bc7 47. Nd3
Bd6 48. e5 Kd7 49. Ke4 Kc7 50. d5 Ree8 51. f4 Be7 52. dxc6 gxf4 53. cxb7 Kxb7
54. Nxf4 Bg5 55. Nd3 Bh6 56. Nc5+ Kc6 57. Rd6+ Kxc5 58. Bd4+ 1-0

[Event "Olomouc 2005, GM A - Valoz Cup"]
[Site "?"]
[Date "2005.??.??"]
[Round "4.4"]
[White "Thinius, Marco"]
[Black "El Taher, Fouad"]
[Result "0-1"]
[WhiteElo "2354"]
[BlackElo "2456"]
[PlyCount "87"]
[EventDate "2005.08.03"]

1. e4 e5 2. Nf3 Nc6 3. Bb5 a6 4. Bxc6 dxc6 5. O-O Qd6 6. Na3 b5 7. c3 c5 8. Nc2
Bb7 9. Re1 Nf6 10. d4 cxd4 11. cxd4 Nxe4 12. Nxe5 Be7 13. Bf4 O-O 14. Qd3 Ng5
15. Qg3 Ne6 16. Bd2 Rae8 17. Bb4 Qd8 18. Bxe7 Qxe7 19. Rad1 Rd8 20. Ne3 f5 21.
Qh3 Qf6 22. Nf3 Nxd4 23. Nxd4 Rxd4 24. Rxd4 Qxd4 25. Nxf5 Qf6 26. Ne7+ Kh8 27.
f3 Qb6+ 28. Kh1 Qd6 29. Qh4 Qd3 30. Qh5 Qd6 31. Qh4 h6 32. h3 Kh7 33. Qg4 Rf6
34. a3 Qd2 35. Qg3 c5 36. Re5 Qd6 37. Kh2 c4 38. f4 Qd3 39. Qg4 Qd2 40. f5 Qxb2
41. Ng6 Bc6 42. Re7 Rxf5 43. Re2 Qf6 44. Ne7 0-1

[Event "Olomouc 2005, GM A - Valoz Cup"]
[Site "?"]
[Date "2005.??.??"]
[Round "4.5"]
[White "Sundararajan, Kidambi"]
[Black "Simacek, Pavel"]
[Result "1/2-1/2"]
[WhiteElo "2484"]
[BlackElo "2453"]
[PlyCount "62"]
[EventDate "2005.08.03"]

1. Nf3 c5 2. c4 b6 3. d4 cxd4 4. Nxd4 Bb7 5. Nc3 Nf6 6. Bg5 e6 7. Ndb5 d6 8. e4
a6 9. Bxf6 gxf6 10. Nd4 Nc6 11. Be2 Rg8 12. Nxc6 Bxc6 13. O-O Qc7 14. f4 f5 15.
Bf3 fxe4 16. Bxe4 Bxe4 17. Nxe4 O-O-O 18. Qf3 Kb8 19. Rac1 Bg7 20. b4 Qb7 21.
Rfd1 d5 22. cxd5 Rxd5 23. Rxd5 Qxd5 24. Rd1 Bd4+ 25. Kh1 Rd8 26. Ng5 Qxa2 27.
Nxf7 Rd5 28. f5 Rxf5 29. Qc6 Qf2 30. Qd6+ Ka7 31. Qc7+ Ka8 1/2-1/2

[Event "Olomouc 2005, GM A - Valoz Cup"]
[Site "?"]
[Date "2005.??.??"]
[Round "5.3"]
[White "El Taher, Fouad"]
[Black "Sundararajan, Kidambi"]
[Result "1/2-1/2"]
[WhiteElo "2456"]
[BlackElo "2484"]
[PlyCount "81"]
[EventDate "2005.08.03"]

1. e4 c6 2. d4 d5 3. Nc3 dxe4 4. Nxe4 Nd7 5. Ng5 Ngf6 6. Bc4 e6 7. Qe2 Nb6 8.
Bd3 h6 9. N5f3 c5 10. dxc5 Bxc5 11. Ne5 Nbd7 12. Ngf3 Qc7 13. O-O Bd6 14. Re1
O-O 15. Bf4 b6 16. Rad1 Nxe5 17. Nxe5 Bb7 18. c3 Rad8 19. Bg3 Rfe8 20. Bb5 Rf8
21. Rd4 Qe7 22. Red1 Bc5 23. R4d3 Rxd3 24. Qxd3 Ne4 25. b4 Bd6 26. Nc6 Bxc6 27.
Bxd6 Nxd6 28. Bxc6 Rd8 29. c4 Nb7 30. Qe2 Rxd1+ 31. Qxd1 Nd6 32. c5 bxc5 33.
bxc5 Nf5 34. Qc1 Nd4 35. Bf3 Qg5 36. Qxg5 hxg5 37. Bb7 Kf8 38. Kf1 Ke7 39. Ke1
Kd7 40. Kd2 Kc7 41. Ba8 1/2-1/2

[Event "Olomouc 2005, GM A - Valoz Cup"]
[Site "?"]
[Date "2005.??.??"]
[Round "5.4"]
[White "Shanava, Konstantine"]
[Black "Thinius, Marco"]
[Result "1-0"]
[WhiteElo "2477"]
[BlackElo "2354"]
[PlyCount "197"]
[EventDate "2005.08.03"]

1. e4 e5 2. Nf3 Nc6 3. Bc4 Nf6 4. d3 Be7 5. O-O O-O 6. Bb3 d6 7. c3 Na5 8. Bc2
c5 9. Nbd2 Nc6 10. Re1 Re8 11. Nf1 h6 12. h3 Be6 13. Ne3 Rc8 14. a3 d5 15. exd5
Nxd5 16. Ng4 Bxg4 17. hxg4 Bf6 18. g3 Nc7 19. Qe2 Ne6 20. Qe4 Ng5 21. Bxg5 hxg5
22. Bb3 Qd7 23. Kg2 Rcd8 24. Rad1 Na5 25. Ba2 Qc6 26. b4 cxb4 27. axb4 Qxe4 28.
dxe4 Nc6 29. Bd5 Rc8 30. Rd3 Rc7 31. Nd2 Rec8 32. Nc4 Ne7 33. Nd6 Rxc3 34.
Bxf7+ Kf8 35. Rdd1 Rd8 36. Ba2 Rc2 37. Bb1 Rb2 38. Nc4 Rxd1 39. Rxd1 Rxb4 40.
Rd8+ Kf7 41. Nd6+ Kg6 42. Ba2 Rd4 43. Nxb7 Rxd8 44. Nxd8 a5 45. Bb3 Kh7 46. Nb7
Nc8 47. Nxa5 Nd6 48. Nc6 g6 49. Bd5 Nb5 50. Nb8 Be7 51. Nd7 Bd6 52. Nf6+ Kh8
53. Bc4 Nc7 54. Nd7 Kg7 55. Kf3 Ne8 56. Nb6 Bc7 57. Nd5 Bd6 58. Nc3 Nc7 59. Ke2
Bb4 60. Na4 Kf6 61. Nb6 Ke7 62. Bd3 Bc5 63. Nc4 Kf6 64. Nd2 Ne6 65. Kf1 Bb4 66.
Nc4 Bc5 67. Na5 Bb6 68. Nc6 Nc7 69. Bc4 Bc5 70. Ke2 Ne8 71. Bd5 Nd6 72. f4 gxf4
73. gxf4 Nb5 74. Nxe5 Bd6 75. g5+ Kg7 76. Nd3 Nd4+ 77. Ke3 Nc2+ 78. Kf3 Nb4 79.
Nb2 Bc7 80. Kg4 Kf8 81. Bc4 Nc6 82. Nd3 Bd6 83. e5 Bc7 84. Bd5 Nd4 85. Be4 Kg7
86. Ne1 Ne6 87. Nf3 Bb6 88. Bxg6 Nxf4 89. Kxf4 Kxg6 90. Kg4 Be3 91. Nh4+ Kf7
92. Kf5 Bc1 93. Ng6 Bd2 94. Nf4 Kg7 95. Nd5 Bc1 96. e6 Bb2 97. e7 Kf7 98. g6+
Ke8 99. Ke6 1-0

[Event "Olomouc 2005, GM A - Valoz Cup"]
[Site "?"]
[Date "2005.??.??"]
[Round "5.6"]
[White "Neuman, Petr"]
[Black "Laznicka, Viktor"]
[Result "0-1"]
[WhiteElo "2428"]
[BlackElo "2517"]
[PlyCount "70"]
[EventDate "2005.08.03"]

1. d4 b6 2. e4 Bb7 3. Nd2 e6 4. Ngf3 c5 5. c3 Nf6 6. Bd3 cxd4 7. cxd4 Ba6 8.
Bxa6 Nxa6 9. a3 Be7 10. O-O Nc7 11. Re1 O-O 12. Nf1 d5 13. e5 Ne4 14. N3d2 Nxd2
15. Bxd2 Qd7 16. Rc1 Rfe8 17. Re3 f5 18. a4 Na6 19. Rh3 g6 20. g4 Nc7 21. Rcc3
Rf8 22. Rhe3 Rf7 23. b3 Ne8 24. h3 Rc8 25. Qc2 Rxc3 26. Qxc3 Bf8 27. Rg3 b5 28.
axb5 Qxb5 29. gxf5 exf5 30. Qc8 Ng7 31. Bh6 Qxb3 32. f4 Qd1 33. Bxg7 Qxd4+ 34.
Ne3 Kxg7 35. Kg2 Qe4+ 0-1

[Event "Olomouc 2005, GM A - Valoz Cup"]
[Site "?"]
[Date "2005.??.??"]
[Round "6.1"]
[White "Stopa, Jacek"]
[Black "Laznicka, Viktor"]
[Result "1-0"]
[WhiteElo "2460"]
[BlackElo "2517"]
[PlyCount "109"]
[EventDate "2005.08.03"]

1. d4 b6 2. e4 Bb7 3. Bd3 Nf6 4. Qe2 Nc6 5. c3 e5 6. Nf3 d6 7. O-O Be7 8. Rd1
O-O 9. Nbd2 Re8 10. dxe5 Nxe5 11. Nxe5 dxe5 12. Nf3 Qc8 13. Bb5 c6 14. Bc4 Qc7
15. Bg5 Rad8 16. Bh4 Bc8 17. h3 h6 18. Bg3 Bd6 19. Nh4 b5 20. Bb3 Bc5 21. a4 a6
22. axb5 axb5 23. Qf3 Be6 24. Rxd8 Qxd8 25. Rd1 Qc7 26. Bxe6 Rxe6 27. Nf5 Bf8
28. Qe3 Kh7 29. Ra1 g6 30. Nh4 Kg7 31. f4 Nd7 32. b4 c5 33. f5 Rc6 34. fxg6
fxg6 35. Kf2 Be7 36. Nf3 Bf6 37. Qd3 cxb4 38. cxb4 Qd6 39. Qxd6 Rxd6 40. Ra7
Kf8 41. Rb7 Ke8 42. Rxb5 Re6 43. Kg1 Kd8 44. Kf2 g5 45. Ke3 h5 46. Nd2 Rc6 47.
Rd5 Rc3+ 48. Rd3 Rc2 49. Kf3 Kc7 50. Nf1 g4+ 51. hxg4 hxg4+ 52. Kxg4 Rxg2 53.
Re3 Rb2 54. Kf5 Bg7 55. Ke6 1-0

[Event "Olomouc 2005, GM A - Valoz Cup"]
[Site "?"]
[Date "2005.??.??"]
[Round "6.3"]
[White "Thinius, Marco"]
[Black "Cernousek, Lukas"]
[Result "1/2-1/2"]
[WhiteElo "2354"]
[BlackElo "2375"]
[PlyCount "120"]
[EventDate "2005.08.03"]

1. e4 c5 2. Nf3 d6 3. d4 Nf6 4. Nc3 cxd4 5. Nxd4 g6 6. Be2 Bg7 7. O-O Nc6 8.
Nb3 O-O 9. Re1 Be6 10. Bg5 h6 11. Bh4 Nd7 12. Rb1 a5 13. a4 Nb6 14. Bb5 Bxb3
15. cxb3 Nd4 16. Bf1 g5 17. Bg3 Rc8 18. f3 Nd7 19. Bf2 Ne6 20. Nd5 Nec5 21. Bb5
e6 22. b4 exd5 23. bxc5 Nxc5 24. Qxd5 Be5 25. b3 Qf6 26. Rbd1 Rfd8 27. Bc4 b6
28. Rf1 Rb8 29. g3 Ne6 30. Be3 Kh8 31. Qd2 Rg8 32. Kh1 Qg6 33. Bd5 f5 34. exf5
Qxf5 35. Qf2 Rgc8 36. Be4 Qh3 37. Qg2 Qxg2+ 38. Kxg2 Rc3 39. Rd3 b5 40. Rxc3
Bxc3 41. Ba7 Rd8 42. axb5 d5 43. Bd3 Kg7 44. Rc1 d4 45. Rc2 Kf6 46. Re2 Rd7 47.
Bc4 Nd8 48. Bb6 d3 49. Bxd8+ Rxd8 50. Re6+ Kg7 51. Rc6 Be5 52. Re6 Bc3 53. Rc6
Be5 54. Re6 Bc3 55. Re3 d2 56. Be2 Bb4 57. Bd1 Kf6 58. Kf1 Rd5 59. Ke2 Rxb5 60.
Re4 Rc5 1/2-1/2

[Event "Olomouc 2005, GM A - Valoz Cup"]
[Site "?"]
[Date "2005.??.??"]
[Round "6.4"]
[White "Sundararajan, Kidambi"]
[Black "Shanava, Konstantine"]
[Result "1/2-1/2"]
[WhiteElo "2484"]
[BlackElo "2477"]
[PlyCount "88"]
[EventDate "2005.08.03"]

1. d4 Nf6 2. c4 c6 3. Nc3 d5 4. e3 a6 5. Nf3 b5 6. c5 Bg4 7. Qb3 Bxf3 8. gxf3
e5 9. a4 Nbd7 10. Qa3 Rc8 11. axb5 axb5 12. Qa5 Be7 13. Qxd8+ Kxd8 14. Bh3 Ne8
15. Ra7 Nc7 16. Bd2 g6 17. Na2 exd4 18. exd4 f5 19. Ba5 Nf8 20. Nb4 Kd7 21. Kd2
Nfe6 22. Re1 Ra8 23. Rxc7+ Nxc7 24. Bxc7 Rhe8 25. Be5 Ra4 26. Nd3 Bg5+ 27. f4
Bh4 28. Rg1 Ra2 29. Kc2 Ra4 30. Bg2 Rea8 31. Bf3 Ra1 32. Rxa1 Rxa1 33. Bd1 Kc8
34. Kd2 Bd8 35. Bd6 Bh4 36. Kc2 Kb7 37. Bf8 Bf6 38. Ne5 Bh4 39. Nd3 Bf6 40. Ne5
Bh4 41. Nf7 Bxf2 42. Bd6 Kc8 43. Ne5 Kb7 44. Nf7 Kc8 1/2-1/2

[Event "Olomouc 2005, GM A - Valoz Cup"]
[Site "?"]
[Date "2005.??.??"]
[Round "6.5"]
[White "Popchev, Milko"]
[Black "El Taher, Fouad"]
[Result "1/2-1/2"]
[WhiteElo "2476"]
[BlackElo "2456"]
[PlyCount "22"]
[EventDate "2005.08.03"]

1. Nf3 Nf6 2. g3 g6 3. Bg2 Bg7 4. O-O O-O 5. c4 c5 6. Nc3 Nc6 7. d3 d6 8. Rb1
Rb8 9. a3 a6 10. b4 cxb4 11. axb4 b5 1/2-1/2

[Event "Olomouc 2005, GM A - Valoz Cup"]
[Site "?"]
[Date "2005.??.??"]
[Round "6.6"]
[White "Potapov, Alexander"]
[Black "Simacek, Pavel"]
[Result "1-0"]
[WhiteElo "2530"]
[BlackElo "2453"]
[PlyCount "51"]
[EventDate "2005.08.03"]

1. d4 Nf6 2. c4 c5 3. d5 e6 4. Nc3 exd5 5. cxd5 d6 6. e4 g6 7. Nf3 Bg7 8. h3
O-O 9. Bd3 b5 10. Bxb5 Nxe4 11. Nxe4 Qa5+ 12. Nfd2 Qxb5 13. Nxd6 Qa6 14. N2c4
Rd8 15. Bf4 Nd7 16. O-O Nb6 17. Nxb6 Qxb6 18. Nxc8 Raxc8 19. Qf3 Bxb2 20. Rad1
c4 21. d6 Rd7 22. Rfe1 c3 23. Re7 Rxe7 24. dxe7 c2 25. Re1 Qb5 26. Qb3 1-0

[Event "Olomouc 2005, GM A - Valoz Cup"]
[Site "?"]
[Date "2005.??.??"]
[Round "7.1"]
[White "Simacek, Pavel"]
[Black "Stopa, Jacek"]
[Result "1-0"]
[WhiteElo "2453"]
[BlackElo "2460"]
[PlyCount "65"]
[EventDate "2005.08.03"]

1. e4 c5 2. Nf3 d6 3. d4 Nf6 4. Nc3 cxd4 5. Nxd4 g6 6. Be3 Bg7 7. f3 O-O 8. Qd2
Nc6 9. Bc4 Bd7 10. O-O-O Rb8 11. h4 b5 12. Bb3 Na5 13. Nd5 Nc4 14. Bxc4 bxc4
15. Nxf6+ Bxf6 16. h5 Qb6 17. c3 Qa5 18. Kb1 Rb6 19. Ne2 Ra6 20. Nc1 Rb8 21.
hxg6 hxg6 22. Bd4 e5 23. Be3 Ba4 24. Rdf1 Bb3 25. a3 Qb5 26. Ka1 Be7 27. f4 Qb7
28. f5 Qxe4 29. f6 Bf8 30. Bh6 Rxa3+ 31. bxa3 Bd1 32. Nd3 Bxh6 33. Rxh6 1-0

[Event "Olomouc 2005, GM A - Valoz Cup"]
[Site "?"]
[Date "2005.??.??"]
[Round "7.4"]
[White "Cernousek, Lukas"]
[Black "Sundararajan, Kidambi"]
[Result "0-1"]
[WhiteElo "2375"]
[BlackElo "2484"]
[PlyCount "44"]
[EventDate "2005.08.03"]

1. e4 c5 2. Nf3 d6 3. d4 cxd4 4. Nxd4 Nf6 5. Nc3 e6 6. Be2 a6 7. f4 Qc7 8. O-O
Nbd7 9. Bf3 Rb8 10. a4 b6 11. e5 dxe5 12. Nc6 exf4 13. Nxb8 Qxb8 14. Bc6 Bd6
15. Qf3 g5 16. Ne4 Nxe4 17. Bxe4 Nf6 18. Bc6+ Kf8 19. b3 e5 20. Bb2 Qc7 21. Ba8
Qxc2 22. Rac1 Bc5+ 0-1

[Event "Olomouc 2005, GM A - Valoz Cup"]
[Site "?"]
[Date "2005.??.??"]
[Round "7.5"]
[White "Neuman, Petr"]
[Black "Thinius, Marco"]
[Result "0-1"]
[WhiteElo "2428"]
[BlackElo "2354"]
[PlyCount "102"]
[EventDate "2005.08.03"]

1. e4 e5 2. Nf3 d6 3. d4 exd4 4. Nxd4 Nf6 5. Nc3 Be7 6. Be2 O-O 7. O-O Re8 8.
Re1 c6 9. Bf1 Bf8 10. Bg5 h6 11. Bh4 Nbd7 12. Qd2 Ne5 13. f3 Bd7 14. Rad1 b5
15. Kh1 b4 16. Nb1 Rb8 17. c4 c5 18. Nf5 g5 19. Bf2 Bxf5 20. exf5 Nc6 21. Bd3
Rxe1+ 22. Rxe1 Bg7 23. b3 Nd7 24. Be4 Nd4 25. Be3 Be5 26. f4 gxf4 27. Bxf4 Qh4
28. Rf1 Nf6 29. Bd3 Re8 30. g3 Bxf4 31. Rxf4 Qg5 32. Kg2 Re5 33. Rh4 Kg7 34.
Rf4 Kf8 35. h3 Nh5 36. Rg4 Qxd2+ 37. Nxd2 Re3 38. Bf1 Nxf5 39. Ne4 Ke7 40. Kf2
a5 41. Rh4 Nhxg3 42. Nxg3 Nxg3 43. Bg2 Rc3 44. Rxh6 Nf5 45. Rh7 Rc2+ 46. Kg1
Ne3 47. Bc6 Rd2 48. Rh4 f5 49. Rf4 Rxa2 50. Ba8 Kf6 51. Rh4 Ke5 0-1